00540nam a2200157 a 450000100100000000500170001000800410002702000180006804000250008610000290011124500450014026000480018530000270023395201050026099900170036500003419520200930070845.0110927s19uu dr 000 0 spa d a9789945879308 aDO-SdBNPbspacBNPHU1 aGuzmán, Ramón95647010aGuitarra dinámica /cRamón Guzmán. aSanto Domingo :bAmigo del Hogar,c[19--?]. a32 p. :bil. ;c21 cm. 0010718PDaPDbPDcCTd2011-09-27iLF1l0o p34195-10r2020-06-25w2020-06-25yLFPDZNo se presta c33686d33686